[Event "CZE-ch U10"]
[Site "Teplice"]
[Date "2023.11.18"]
[Round "7"]
[White "Hronik, Petr"]
[Black "Menkov, Ivan"]
[Result "0-1"]
[WhiteElo "1000"]
[BlackElo "1206"]
[PlyCount "26"]
[EventDate "2023.11.15"]
[EventType "swiss"]
[EventRounds "9"]
[EventCountry "CZE"]
[SourceTitle "CB47_2023"]
[SourceDate "2023.11.22"]
[SourceVersion "1"]
[SourceVersionDate "2023.11.22"]
[SourceQuality "1"]

1. e4 e5 2. Nf3 Nc6 3. Bc4 Nf6 4. Ng5 d5 5. exd5 Nd4 6. d6 Qxd6 7. Nxf7 Qc6 8. d3 Qxg2 9. Nxh8 Qxh1+ 10. Kd2 Qg2 11. Nc3 Bb4 12. Bf7+ Kd8 13. a3 Qxf2+ 0-1

[Event "CZE-ch U10"]
[Site "Teplice"]
[Date "2023.11.15"]
[Round "2"]
[White "Menkov, Ivan"]
[Black "Raab, Matyas"]
[Result "1-0"]
[WhiteElo "1206"]
[BlackElo "1000"]
[PlyCount "117"]
[EventDate "2023.11.15"]
[EventType "swiss"]
[EventRounds "9"]
[EventCountry "CZE"]
[SourceTitle "CB47_2023"]
[SourceDate "2023.11.22"]
[SourceVersion "1"]
[SourceVersionDate "2023.11.22"]
[SourceQuality "1"]

1. e4 e5 2. Nf3 Nc6 3. Bb5 Nf6 4. 0-0 Bc5 5. Bxc6 dxc6 6. Nxe5 0-0 7. Re1 Re8 8. Nd3 b6 9. Nxc5 bxc5 10. Nc3 Rb8 11. e5 Ng4 12. Na4 Qe7 13. h3 Nh6 14. Qf3 Bf5 15. Qxc6 Bd7 16. Qa6 Ra8 17. Nc3 Bc8 18. Qc6 Bd7 19. Qxc7 Nf5 20. Nd5 Qd8 21. c3 Ne7 22. Qxc5 Nxd5 23. Qxd5 Be6 24. Qxd8 Rexd8 25. d4 h6 26. Re3 Bf5 27. Rg3 g6 28. Bxh6 Kh7 29. Bg5 Rdb8 30. b3 Rc8 31. Bf6 Kg8 32. Rf3 Be6 33. Rf4 Kf8 34. c4 Ke8 35. d5 Bxd5 36. cxd5 Kd7 37. Re1 Kc7 38. e6 fxe6 39. dxe6 Re8 40. Rc4+ Kb7 41. f4 Rac8 42. Rxc8 Kxc8 43. g4 Kc7 44. f5 gxf5 45. gxf5 Kc6 46. Rd1 Kc7 47. e7 Rg8+ 48. Kf2 Kb6 49. Rd8 Rxd8 50. exd8Q+ Kc5 51. Qc7+ Kd5 52. Ke3 a6 53. Qd7+ Kc5 54. Be7+ Kb6 55. a4 a5 56. Qb5+ Kc7 57. Bc5 Kd8 58. Qb7 Ke8 59. Qe7# 1-0